Elementary statistics
Αποθηκεύτηκε σε:
| Κύριος συγγραφέας: | |
|---|---|
| Μορφή: | Βιβλίο |
| Γλώσσα: | English |
| Δημοσίευση: |
New York :
Wiley,
c1976
|
| Έκδοση: | 4th ed. |
| Σειρά: | Wiley series in probability and mathematical statistics
|
| Θέματα: | |
| Ετικέτες: |
Προσθήκη ετικέτας
Δεν υπάρχουν, Καταχωρήστε ετικέτα πρώτοι!
|
MARC
| LEADER | 00000cam a2200000 i 4500 | ||
|---|---|---|---|
| 001 | 1/46454 | ||
| 008 | 950809s1976 eng d | ||
| 020 | |a 0471403024 | ||
| 035 | |l 10026324 | ||
| 040 | |a GR-MY-UA |b gre |e aacr | ||
| 041 | 0 | |a eng | |
| 082 | 0 | |a 519.5 | |
| 100 | 1 | |a Hoel, Paul Gerhard |d 1905- | |
| 245 | 1 | 0 | |a Elementary statistics / |c Paul G. Hoel |
| 250 | |a 4th ed. | ||
| 260 | |a New York : |b Wiley, |c c1976 | ||
| 300 | |a xi, 361 σ.; |b εικ.; |c 24 εκ. | ||
| 490 | 1 | |a Wiley series in probability and mathematical statistics | |
| 504 | |a Περιλαμβάνει ευρετήριο | ||
| 650 | 0 | 0 | |a Statistics. |
| 852 | |a INST |b CHIOS |e 19950809 |h 519.5 HOE |p 005200001258 |q 005200001258 |t BK |y 0 | ||
| 852 | |a INST |b CHIOS |e 19950821 |h 519.5 HOE |p 005200004903 |q 005200004903 |t BK |y 0 | ||
| 909 | |a Χ |b 013272 | ||
| 909 | |a Χ |b 003898 | ||